000
00218nam a22001097a 4500
999
_c
533683
_d
533683
040
_c
dlc
082
_a
823.914
100
_a
Andrew O' Hayan
_9
27646
245
_a
Our Father 's
300
_a
282;pxv
942
_2
ddc
_c
BK